000 00437nam a2200157Ia 4500
003 GCL
008 140319s9999 xx 000 0 ara d
040 _aGCL /
_cGCL
082 0 4 _aط
_b813.02
_bا ط
100 1 _aاحمد نجيب
245 1 0 _aالطائر العجيب /
_cاحمد نجيب
490 _aحكايات العصفور الازرق
_v0
650 0 4 _aالاطفال
650 0 4 _aقصص الاطفال
942 _2ddc
_cBK
999 _c45907
_d45907